Britannica Book of the year 1967 (Record no. 3002)

MARC details
000 -LEADER
fixed length control field 00510nam a2200169Ia 4500
003 - CONTROL NUMBER IDENTIFIER
control field IN-BaIIA
008 - FIXED-LENGTH DATA ELEMENTS--GENERAL INFORMATION
fixed length control field 211028s9999 xx 000 0 eng d
040 ## - CATALOGING SOURCE
Transcribing agency IIA Library
080 ## - UNIVERSAL DECIMAL CLASSIFICATION NUMBER
Universal Decimal Classification number 031
Item number EBR-YB 67
100 ## - MAIN ENTRY--PERSONAL NAME
Personal name Dell, W. R.
9 (RLIN) 5341
245 #0 - TITLE STATEMENT
Title Britannica Book of the year 1967
Statement of responsibility, etc. W. R. Dell
260 ## - PUBLICATION, DISTRIBUTION, ETC.
Place of publication, distribution, etc. Chicago
Name of publisher, distributor, etc. University of Chicago Press
Date of publication, distribution, etc. 1967
300 ## - PHYSICAL DESCRIPTION
Extent 832p.
650 ## - SUBJECT ADDED ENTRY--TOPICAL TERM
Topical term or geographic name entry element Encyclopedia-year books
9 (RLIN) 3952
650 ## - SUBJECT ADDED ENTRY--TOPICAL TERM
Topical term or geographic name entry element NASA Thesaurus
942 ## - ADDED ENTRY ELEMENTS (KOHA)
Koha item type Books
Holdings
Withdrawn status Lost status Damaged status Not for loan Home library Current library Shelving location Date acquired Cost, normal purchase price Total Checkouts Full call number Barcode Date last seen Cost, replacement price Price effective from Koha item type Purchase Price
        IIA Library-Bangalore IIA Library-Bangalore General Stacks 12/12/1967 53.00   031/ EBR-YB 67 3333 05/11/2021 53.00 12/12/1967 Books Rs. 53.00

Powered by Koha